| 000 | 01218cam a22003011i 4500 | ||
|---|---|---|---|
| 003 | SA-RiAUC | ||
| 005 | 20250603114043.0 | ||
| 008 | 250603s2003 le g 000 0 ara c | ||
| 040 |
_aIQ-KaIHL _bara _cSA-RiAUC. _erda |
||
| 050 | 4 | _b.T47 2003 | |
| 082 | 0 | 4 |
_a253.26 _qSA-RiAUC |
| 090 |
_a253.26 _b ت ر ب |
||
| 100 | 1 |
_aتربان، خالد محمد _eمؤلف. |
|
| 245 | 1 | 0 |
_aبيع الدين : _bأحكامه وتطبيقاته المعاصرة / _cخالد محمد تربان ؛ إشراف زياد إبراهيم مقداد. |
| 250 | _aالطبعة الأولى. | ||
| 264 | 1 |
_aبيروت : _bدار الكتب العلمية، _c2003 |
|
| 300 |
_a176 صفحة ؛ _c24 سم |
||
| 336 |
_aنص _btxt _2rdacontent _3كتاب |
||
| 337 |
_aبدون وسيط _bn _2rdamedia |
||
| 338 |
_aمجلد _bnc _2rdacarrier |
||
| 650 | 7 |
_aالبيع (فقه إسلامي) _2aucsh |
|
| 650 | 7 |
_aالمعاملات (فقه إسلامي) _2aucsh |
|
| 650 | 7 |
_aالفقه الإسلامي _2aucsh |
|
| 650 | 7 |
_aالشريعة الإسلامية _2aucsh |
|
| 700 | 1 |
_aمقداد، زياد إبراهيم حسين، _d1959- _eمشرف. |
|
| 942 |
_2ddc _cBOOK _n0 |
||
| 949 |
_aSA-JeALM _d250603 _umohamedma123 _n1 |
||
| 999 |
_c8691 _d8691 |
||